W którym państwie w afryce... - Statystyki

Ogólne statystyki
  • Ten quiz został rozwiązany 28 razy
  • Średni wynik to 5 z 10
Statystyki odpowiedzi
Podpowiedź Odpowiedź % Poprawnych
Kontynentalnej znajduje się najbardziej wysunięty punkt na wschód na tym kontynencie? Somalia
89%
Znajduje się najwyżej położony punkt na tym kontynencie? Tanzania
89%
Znajduję się największa aglomeracja pod względem ludności? Nigeria
78%
Znajduje się siedziba Unii Afrykańskiej? Etiopia / Republika Południowej Afryki
67%
Żyje najmniejsza liczba osób? Seszele
67%
Znajdują się największe złoża węgla kamiennego? Demokratyczna Republika Konga / Republika Południowej Afryki
48%
Jest najniższa minimalna średnia miesięczna temperatura? Republika Południowej Afryki
41%
Jest największa gęstość zaludnienia? Mauritius
26%
Znajduje się najniżej położony punkt na tym kontynencie Dżibuti
22%
Jest najcieplejsza temperatura w styczniu? Ghana / Madagaskar
19%
Nie znaleziono quizów pasujących do podanych kryteriów
Rozkład punktacji
Procent ludzi z każdym wynikiem
Percentyl według liczby udzielonych odpowiedzi
Twoja historia wyników
Nie rozwiązałeś tego quizu